000 00477nam a22001817a 4500
003 NUST - PNEC
005 20170116181150.0
008 151112b xxu||||| |||| 00| 0 eng d
020 _a9788122416893
040 _cLIBRARY
082 _a510.2462 DUT
100 _915345
_aDutta, Debashis
245 _aTextbook of engineering mathematics
_cDebashis Dutta
250 _a2nd Edition
260 _cc.2009
650 _915346
_aEngineering Mathematics
_xME
942 _2ddc
_cBK
999 _c70916
_d70916